It looks like you're offline.
Open Library logo
additional options menu

MARC Record from Scriblio

Record ID marc_records_scriblio_net/part05.dat:35988154:594
Source Scriblio
Download Link /show-records/marc_records_scriblio_net/part05.dat:35988154:594?format=raw

LEADER: 00594cam 22002171 4500
001 61013730
003 DLC
005 20050713122116.0
008 740731s1962 xx 000 0 eng
010 $a 61013730
035 $a(OCoLC)968524
040 $aDLC$cOAU$dDLC
042 $apremarc
050 10 $aJC494$b.G6
082 $a323.2
100 1 $aGoodspeed, D. J.$q(Donald James),$d1919-
245 14 $aThe conspirators;$ba study of the coup d'état.
260 $aNew York,$bViking Press$c[1962, c1961]
300 $a252 p.$billus.$c22 cm.
504 $aIncludes bibliography.
650 0 $aRevolutions.